000 00470nam a2200121Ia 4500
008 220615s9999||||xx |||||||||||||| ||und||
100 _aSakunthala Srighanthan||Errol P. Mendes
245 0 _aConfronting Discrimination and Inequality in China : Chinese and Canadian Perspectives
546 _aEnglish[eng]
650 _ainequalities||China||sociology||migration||discrimination||international perspective
856 _uhttp://books.openedition.org/uop/1134
942 _cEB
999 _c15962
_d15962